000 00957nam a2200205Ia 4500
008 130821s2002 ck gs spa
040 _aCo-BoUCM
_bspa
041 0 0 _aspa
092 _aCDM 0207
245 1 0 _aManejo y pronóstico del trauma craneoencefálico severo
_c[CD-ROM]
_c[traducción de : Efraim Otero Ruiz]
260 _aBogotá (Colombia)
_bFEPAFEM ; Secretaría de Salud
_c[2002]
300 _a1 CD-ROM
500 _aTraducido por solicitud de la Secretaria Distrital de Salud de Bogotá mediante convenio con la Oficina de Recursos Educacionales de FEPAFEM.
505 _aGuías para el manejo del trauma craneoencefálico severo. -- Indicadores tempranos de pronóstico en el trauma craneoencefálico severo.
650 0 4 _aNeurología
_920299
650 0 4 _aTrauma cráneo encefálico
_vCD-ROM
_925836
710 2 _aAsociación Americana de Neurocirujanos
710 2 _aFundación para el Trauma Cerebral
942 _cMULTIMEDIA
_2LOCAL
_a15
_e1
999 _c66368
_d66368